Sports Quiz

Random Sports or Cricket Quiz

25 years of England Test Cricket XIs Quiz Stats

 Plays Quiz not verified by Sporcle

Score 0/275 Timer 10:00
7 Plays Today
Player % Correct
Alastair Cook
98.6%
Alastair Cook
98.6%
Alastair Cook
98.6%
Alastair Cook
98.6%
Alastair Cook
98.6%
Alastair Cook
98.6%
Alastair Cook
98.6%
Nick Cook
98%
James Anderson
97.7%
James Anderson
97.7%
James Anderson
97.7%
James Anderson
97.7%
James Anderson
97.7%
James Anderson
97.7%
James Anderson
97.7%
Andrew Strauss
97.2%
Andrew Strauss
97.2%
Andrew Strauss
97.2%
Andrew Strauss
97.2%
Andrew Strauss
97.2%
Andrew Strauss
97.2%
Andrew Strauss
97.2%
Andrew Strauss
97.2%
Andrew Strauss
97.2%
Kevin Pietersen
96.9%
Kevin Pietersen
96.9%
Kevin Pietersen
96.9%
Kevin Pietersen
96.9%
Kevin Pietersen
96.9%
Kevin Pietersen
96.9%
Kevin Pietersen
96.9%
Kevin Pietersen
96.9%
Stuart Broad
96.8%
Stuart Broad
96.8%
Stuart Broad
96.8%
Stuart Broad
96.8%
Stuart Broad
96.8%
Ian Bell
96.8%
Ian Bell
96.8%
Ian Bell
96.8%
Ian Bell
96.8%
Ian Bell
96.8%
Ian Bell
96.8%
Ian Bell
96.8%
Chris Broad
96.3%
Andrew Flintoff
95.2%
Andrew Flintoff
95.2%
Andrew Flintoff
95.2%
Andrew Flintoff
95.2%
Andrew Flintoff
95.2%
Andrew Flintoff
95.2%
Andrew Flintoff
95.2%
Graeme Swann
94.7%
Graeme Swann
94.7%
Graeme Swann
94.7%
Graeme Swann
94.7%
Simon Jones
94.3%
Simon Jones
94.3%
Geraint Jones
94.3%
Geraint Jones
94.3%
Geraint Jones
94.3%
Matt Prior
93.6%
Matt Prior
93.6%
Matt Prior
93.6%
Matt Prior
93.6%
Matt Prior
93.6%
Marcus Trescothick
93.5%
Marcus Trescothick
93.5%
Marcus Trescothick
93.5%
Marcus Trescothick
93.5%
Marcus Trescothick
93.5%
Marcus Trescothick
93.5%
Marcus Trescothick
93.5%
Michael Vaughan
92.7%
Michael Vaughan
92.7%
Michael Vaughan
92.7%
Michael Vaughan
92.7%
Michael Vaughan
92.7%
Michael Vaughan
92.7%
Michael Vaughan
92.7%
Jonathan Trott
92%
Jonathan Trott
92%
Jonathan Trott
92%
Steve Harmison
91.5%
Steve Harmison
91.5%
Steve Harmison
91.5%
Steve Harmison
91.5%
Steve Harmison
91.5%
Michael Atherton
91.3%
Michael Atherton
91.3%
Michael Atherton
91.3%
Michael Atherton
91.3%
Player % Correct
Michael Atherton
91.3%
Michael Atherton
91.3%
Michael Atherton
91.3%
Michael Atherton
91.3%
Michael Atherton
91.3%
Michael Atherton
91.3%
Michael Atherton
91.3%
Matthew Hoggard
90.5%
Matthew Hoggard
90.5%
Matthew Hoggard
90.5%
Matthew Hoggard
90.5%
Matthew Hoggard
90.5%
Monty Panesar
90.3%
Monty Panesar
90.3%
Monty Panesar
90.3%
Monty Panesar
90.3%
Nasser Hussain
89.7%
Nasser Hussain
89.7%
Nasser Hussain
89.7%
Nasser Hussain
89.7%
Nasser Hussain
89.7%
Nasser Hussain
89.7%
Nasser Hussain
89.7%
Nasser Hussain
89.7%
Alec Stewart
89.1%
Alec Stewart
89.1%
Alec Stewart
89.1%
Alec Stewart
89.1%
Alec Stewart
89.1%
Alec Stewart
89.1%
Alec Stewart
89.1%
Alec Stewart
89.1%
Alec Stewart
89.1%
Alec Stewart
89.1%
Alec Stewart
89.1%
Alec Stewart
89.1%
Alec Stewart
89.1%
Alec Stewart
89.1%
Ashley Giles
87.7%
Ashley Giles
87.7%
Ashley Giles
87.7%
Ashley Giles
87.7%
Ashley Giles
87.7%
Graham Gooch
85.6%
Graham Gooch
85.6%
Graham Gooch
85.6%
Graham Gooch
85.6%
Graham Gooch
85.6%
Graham Gooch
85.6%
Graham Gooch
85.6%
Paul Collingwood
85.5%
Paul Collingwood
85.5%
Paul Collingwood
85.5%
Paul Collingwood
85.5%
Paul Collingwood
85.5%
Darren Gough
84.9%
Darren Gough
84.9%
Darren Gough
84.9%
Darren Gough
84.9%
Darren Gough
84.9%
Darren Gough
84.9%
Ian Botham
84.2%
Graham Thorpe
83.5%
Graham Thorpe
83.5%
Graham Thorpe
83.5%
Graham Thorpe
83.5%
Graham Thorpe
83.5%
Graham Thorpe
83.5%
Graham Thorpe
83.5%
Graham Thorpe
83.5%
Graham Thorpe
83.5%
Graham Thorpe
83.5%
Graham Thorpe
83.5%
Andrew Caddick
81.1%
Andrew Caddick
81.1%
Andrew Caddick
81.1%
Andrew Caddick
81.1%
Andrew Caddick
81.1%
Andrew Caddick
81.1%
David Gower
79.3%
Steven Finn
78%
Mark Butcher
76.7%
Mark Butcher
76.7%
Mark Butcher
76.7%
Mark Butcher
76.7%
Mark Butcher
76.7%
Mark Butcher
76.7%
Mark Butcher
76.7%
Robin Smith
74.7%
Robin Smith
74.7%
Robin Smith
74.7%
Robin Smith
74.7%
Player % Correct
Robin Smith
74.7%
Robin Smith
74.7%
Robin Smith
74.7%
Graeme Hick
74.3%
Graeme Hick
74.3%
Graeme Hick
74.3%
Graeme Hick
74.3%
Graeme Hick
74.3%
Graeme Hick
74.3%
Chris Tremlett
73.1%
Mark Ramprakash
72.9%
Mark Ramprakash
72.9%
Mark Ramprakash
72.9%
Mark Ramprakash
72.9%
Tim Bresnan
72.2%
Phil Tufnell
72%
Phil Tufnell
72%
Phil Tufnell
72%
Phil Tufnell
72%
Phil Tufnell
72%
Ravi Bopara
70.2%
Mike Gatting
67.2%
Mike Gatting
67.2%
Jack Russell
66.5%
Jack Russell
66.5%
Jack Russell
66.5%
Jack Russell
66.5%
Jack Russell
66.5%
Jack Russell
66.5%
Graham Onions
65%
Devon Malcolm
63.2%
Devon Malcolm
63.2%
Devon Malcolm
63.2%
Devon Malcolm
63.2%
Ryan Sidebottom
62.2%
Ryan Sidebottom
62.2%
Dominic Cork
61.9%
Dominic Cork
61.9%
Dominic Cork
61.9%
Dominic Cork
61.9%
Angus Fraser
60%
Angus Fraser
60%
Angus Fraser
60%
Angus Fraser
60%
Angus Fraser
60%
Allan Lamb
59.8%
Allan Lamb
59.8%
Allan Lamb
59.8%
Eoin Morgan
58.1%
Phil Defreitas
54.6%
Phil Defreitas
54.6%
Phil Defreitas
54.6%
Phil Defreitas
54.6%
Tim Ambrose
53.5%
Craig White
51.4%
Craig White
51.4%
Chris Lewis
51%
Chris Lewis
51%
Chris Lewis
51%
Nick Knight
50.2%
John Crawley
49.8%
John Crawley
49.8%
John Crawley
49.8%
John Crawley
49.8%
Robert Croft
47.3%
Robert Croft
47.3%
Alan Mullally
46.5%
Alan Mullally
46.5%
Gladstone Small
43.9%
Neil Foster
43.7%
John Emburey
43.3%
John Emburey
43.3%
Dean Headley
36.7%
Peter Such
35.7%
Derek Pringle
35.1%
Derek Pringle
35.1%
Derek Pringle
35.1%
Mark Ealham
33.8%
Graham Dilley
33.5%
Richard Illingworth
30.7%
Tim Robinson
28.5%
Steve Rhodes
27.6%
Dermot Reeve
25.3%
Wayne Larkins
25.1%
Martyn Moxon
24.2%
Bruce French
23.8%
Eddie Hemmings
23.6%
Mark Ilott
21.9%
David Capel
20.7%
Kim Barnett
19.6%
Tim Curtis
16%

You're not logged in!

Compare scores with friends on all Sporcle quizzes.
OR
Log In

Show Comments

Extras

Top Quizzes Today


Score Distribution

Your Account Isn't Verified!

In order to create a playlist on Sporcle, you need to verify the email address you used during registration. Go to your Sporcle Settings to finish the process.

Report this User

Report this user for behavior that violates our Community Guidelines.

Details: